000 00762nas a22002057a 4500
003 NALT
005 20211007144722.0
008 170829b xxu||||| |||| 00| 0 tha d
022 _a15138178
040 _aNALT
041 0 _atha
245 1 0 _aHealthToday
260 3 _aกรุงเทพฯ :
_bบริษัท ทิมส์ (ประเทศไทย) จำกัด
310 _aรายเดือน
500 _aหยุดผลิตฉบับพิมพ์เดือนสิงหาคม 2562 เป็นฉบับสุดท้าย
850 _aNALT
866 3 1 _aปี พ.ศ. 2562 ฉบับที่ 213-220 (ม.ค.-ส.ค. 2562)
942 _cJNR
_04
_2lcc
998 _bjintana.i
_d2017-05-15 10:54:17.767
_j755
_k จินตนา เอี่ยมคง
999 _c91943
_d91943